00216 a2200109 4500001000700000020000600007040001100013100002400024240002700048245002200075362000900097181491 a  cMagnum aPessoa, Odete Baiao10aIntegracao sociallpor10aIntegracao social0 a1899